| 000 | 00820nam a22002057a 4500 | ||
|---|---|---|---|
| 999 |
_c8755 _d8755 |
||
| 003 | AR-CdUCM | ||
| 008 | 190325b ||||| |||| 00| 0 spa d | ||
| 040 |
_aMUNICIPALIDAD PROVINCIAL DEL CUSCO _cBIBLIOTECA MUNICIPAL DEL CUSCO |
||
| 082 |
_a193.6 / _bA98 |
||
| 100 |
_aAzorey, Pampin _924422 |
||
| 245 |
_aGrafología : _bEl carácter a través de la escritura / |
||
| 260 |
_aMexico D.F., _bContinental, _c1955. |
||
| 300 |
_a218 páginas ; _bIlustraciones, _c20 cm. |
||
| 505 | _aContenido: Historia -- La grafología y el estudio de la personalidad -- Factores que modifican o pueden modificar la escritura -- Los útiles en la escritura -- El método de escritura aprendido... | ||
| 650 |
_aEscritura _94757 |
||
| 650 |
_aAnálisis _92730 |
||
| 650 |
_aCaligrafía _911645 |
||
| 942 |
_2ddc _cLIBROS |
||
| 945 | _admma | ||